[Event "Titled Tuesday intern op 27th Jun Early"]
[Site "Chess.com INT"]
[Date "2023.06.27"]
[Round "7"]
[White "Ajay, Karthikeyan"]
[Black "Coelho, Ramyres Santana"]
[Result "1/2-1/2"]
[WhiteElo "2441"]
[BlackElo "1981"]
[PlyCount "29"]
[EventDate "2023.06.27"]
[EventType "swiss (blitz)"]
[EventRounds "11"]
[EventCountry "USA"]
[SourceTitle "EXT 2024"]
[Source "ChessBase"]
[SourceDate "2023.10.10"]
[SourceVersion "1"]
[SourceVersionDate "2023.10.10"]
[SourceQuality "1"]

1. c4 Nf6 2. g3 g6 3. Nc3 Bg7 4. Bg2 0-0 5. e4 d6 6. Nge2 e5 7. 0-0 Nc6 8. d3 Be6 9. h3 Qd7 10. Kh2 Nh5 11. f4 f5 12. Be3 exf4 13. gxf4 fxe4 14. dxe4 Bxc4 15. Qd2 1/2-1/2

[Event "Titled Tuesday intern op 27th Jun Early"]
[Site "Chess.com INT"]
[Date "2023.06.27"]
[Round "1"]
[White "Kopczynski, Michal"]
[Black "Ajay, Karthikeyan"]
[Result "0-1"]
[WhiteElo "2225"]
[BlackElo "2441"]
[PlyCount "88"]
[EventDate "2023.06.27"]
[EventType "swiss (blitz)"]
[EventRounds "11"]
[EventCountry "USA"]
[SourceTitle "EXT 2024"]
[Source "ChessBase"]
[SourceDate "2023.10.10"]
[SourceVersion "1"]
[SourceVersionDate "2023.10.10"]
[SourceQuality "1"]

1. e4 c5 2. d4 cxd4 3. c3 d3 4. Bxd3 g6 5. f4 Bg7 6. Nf3 d6 7. 0-0 Nc6 8. Kh1 Nf6 9. Qe1 0-0 10. Be3 Bg4 11. Nbd2 Rc8 12. Rd1 Qa5 13. a3 Qh5 14. Be2 e5 15. f5 d5 16. fxg6 hxg6 17. Ng1 dxe4 18. h3 Bxe2 19. Nxe2 Rcd8 20. Ng3 Qh4 21. Ngxe4 Qxe1 22. Nxf6+ Bxf6 23. Rdxe1 Bg7 24. Ne4 f5 25. Nc5 Rf7 26. Rd1 Re8 27. Rd6 Kh7 28. b4 Bf8 29. Rd7 Rxd7 30. Nxd7 Bg7 31. Nc5 b6 32. Nd3 f4 33. Bc1 g5 34. Re1 e4 35. Nf2 e3 36. Nd1 Ne5 37. Nb2 Rc8 38. Bxe3 fxe3 39. Rxe3 Kg6 40. Nd1 Kf5 41. g4+ Kf4 42. Kg2 Rd8 43. Re1 Rd2+ 44. Kg1 Nf3+ 0-1

[Event "Titled Tuesday intern op 20th Jun Early"]
[Site "Chess.com INT"]
[Date "2023.06.20"]
[Round "6"]
[White "Ajay, Karthikeyan"]
[Black "Czerw, Dawid"]
[Result "1-0"]
[WhiteElo "2441"]
[BlackElo "2400"]
[PlyCount "111"]
[EventDate "2023.06.20"]
[EventType "swiss (blitz)"]
[EventRounds "11"]
[EventCountry "USA"]
[SourceTitle "EXT 2024"]
[Source "ChessBase"]
[SourceDate "2023.10.10"]
[SourceVersion "1"]
[SourceVersionDate "2023.10.10"]
[SourceQuality "1"]

1. e4 c5 2. Nf3 Nc6 3. Bb5 e6 4. 0-0 Nge7 5. Re1 b6 6. Bf1 d5 7. b3 dxe4 8. Rxe4 Bb7 9. Bb2 Nf5 10. Re1 Bd6 11. Nc3 0-0 12. Ne4 Bc7 13. Ng3 Ncd4 14. Nxd4 Nxd4 15. Bd3 g6 16. Be4 Bxe4 17. Nxe4 f5 18. Ng3 e5 19. d3 Qg5 20. Bc1 Qf6 21. Bb2 Rae8 22. c3 Ne6 23. Qf3 Nf4 24. Rad1 Rd8 25. c4 Rd7 26. Ne2 Nxe2+ 27. Qxe2 Rfd8 28. f4 Re8 29. fxe5 Qc6 30. d4 cxd4 31. Bxd4 Rde7 32. Qb2 Qa8 33. Bc3 Qb8 34. Rd5 Re6 35. Qd2 R8e7 36. Bb4 Re8 37. Bc3 R8e7 38. h3 Qe8 39. h4 Qf7 40. a4 Qg7 41. Qf4 Qf7 42. Red1 Kg7 43. Qg5 h6 44. Qg3 Kh7 45. Bb2 f4 46. Qf3 Bxe5 47. Ba3 Rc7 48. Rxe5 Rxe5 49. Bd6 Ree7 50. Bxc7 Rxc7 51. Rd4 Re7 52. Qxf4 Qxf4 53. Rxf4 Kg7 54. Rd4 Kf6 55. Rd5 Re3 56. Rb5 1-0

[Event "Titled Tuesday intern op 20th Jun Early"]
[Site "Chess.com INT"]
[Date "2023.06.20"]
[Round "8"]
[White "Bazilius, Augustinas"]
[Black "Ajay, Karthikeyan"]
[Result "0-1"]
[WhiteElo "2110"]
[BlackElo "2441"]
[PlyCount "60"]
[EventDate "2023.06.20"]
[EventType "swiss (blitz)"]
[EventRounds "11"]
[EventCountry "USA"]
[SourceTitle "EXT 2024"]
[Source "ChessBase"]
[SourceDate "2023.10.10"]
[SourceVersion "1"]
[SourceVersionDate "2023.10.10"]
[SourceQuality "1"]

1. d4 Nf6 2. Bg5 Ne4 3. Bf4 g6 4. f3 Nf6 5. e4 Bg7 6. Bd3 c5 7. c3 cxd4 8. cxd4 0-0 9. h4 Nh5 10. Be3 Nc6 11. Ne2 Qb6 12. Nbc3 e6 13. g4 Nf6 14. h5 e5 15. Bc2 exd4 16. Nxd4 Nxg4 17. Nd5 Nxe3 18. Nxb6 Nxd4 19. Qd2 Nexc2+ 20. Kf1 axb6 21. Rc1 Rxa2 22. Qc3 d5 23. Rxc2 Nxc2 24. Qxc2 Rxb2 25. Qd3 dxe4 26. fxe4 Be6 27. hxg6 fxg6+ 28. Ke1 Ra8 29. Qd1 Rg2 30. Kf1 Rga2 0-1

[Event "Titled Tuesday intern op 20th Jun Early"]
[Site "Chess.com INT"]
[Date "2023.06.20"]
[Round "10"]
[White "Turzo, Attila"]
[Black "Ajay, Karthikeyan"]
[Result "0-1"]
[WhiteElo "2279"]
[BlackElo "2441"]
[PlyCount "76"]
[EventDate "2023.06.20"]
[EventType "swiss (blitz)"]
[EventRounds "11"]
[EventCountry "USA"]
[SourceTitle "EXT 2024"]
[Source "ChessBase"]
[SourceDate "2023.10.10"]
[SourceVersion "1"]
[SourceVersionDate "2023.10.10"]
[SourceQuality "1"]

1. d4 Nf6 2. c4 c5 3. d5 b5 4. cxb5 a6 5. bxa6 g6 6. g3 Bg7 7. Bg2 d6 8. Nh3 0-0 9. 0-0 Bxa6 10. Nc3 Nbd7 11. Nf4 Qa5 12. Rb1 Rfb8 13. Bd2 Ne5 14. b3 Bc8 15. a4 Bf5 16. e4 Bg4 17. f3 Bd7 18. Qc2 Qa6 19. Rfc1 c4 20. b4 Bxa4 21. Nxa4 Qxa4 22. Qxa4 Rxa4 23. Bc3 Nfd7 24. h4 Ra3 25. Bxe5 Nxe5 26. b5 Rb3 27. Rxb3 cxb3 28. Bf1 Nxf3+ 29. Kf2 b2 30. Rb1 Nd2 31. Bd3 Nxb1 32. Bxb1 Rxb5 33. Nd3 Ra5 34. Ke2 Ra1 35. Bc2 b1Q 36. Bxb1 Rxb1 37. e5 Bxe5 38. Nxe5 dxe5 0-1

[Event "Titled Tuesday intern op 13th Jun Early"]
[Site "Chess.com INT"]
[Date "2023.06.13"]
[Round "11"]
[White "Ajay, Karthikeyan"]
[Black "Estrada Nieto, Julian"]
[Result "0-1"]
[WhiteElo "2441"]
[BlackElo "2217"]
[PlyCount "134"]
[EventDate "2023.06.13"]
[EventType "swiss (blitz)"]
[EventRounds "11"]
[EventCountry "USA"]
[SourceTitle "EXT 2024"]
[Source "ChessBase"]
[SourceDate "2023.10.10"]
[SourceVersion "1"]
[SourceVersionDate "2023.10.10"]
[SourceQuality "1"]

1. e4 e5 2. Nf3 Nc6 3. Bb5 a6 4. Ba4 Nf6 5. 0-0 Be7 6. Re1 b5 7. Bb3 d6 8. c3 0-0 9. h3 Bb7 10. d4 Re8 11. Nbd2 Bf8 12. Ng5 Re7 13. a4 h6 14. Ngf3 Re8 15. axb5 axb5 16. Rxa8 Qxa8 17. d5 Na5 18. Bc2 c6 19. b4 Nc4 20. Nxc4 bxc4 21. dxc6 Bxc6 22. Nd2 d5 23. exd5 Bxd5 24. Ne4 Nxe4 25. Bxe4 Bxe4 26. Qg4 Bg6 27. Qxc4 Qc8 28. Qxc8 Rxc8 29. Rxe5 Rxc3 30. Bd2 Rc2 31. Rd5 Rb2 32. Rd8 f6 33. Be3 Rb1+ 34. Kh2 Kf7 35. Bc5 Bxc5 36. bxc5 Bf5 37. g4 Be6 38. f4 f5 39. c6 Rc1 40. Rd6 Ke7 41. Rd2 Rxc6 42. g5 hxg5 43. fxg5 Kf7 44. Rd4 Kg6 45. h4 Kh5 46. Rf4 Rc4 47. Kg3 Rxf4 48. Kxf4 Kxh4 49. Ke5 Bc8 50. g6 Kg5 51. Kd6 Kxg6 52. Kc7 Kg5 53. Kd8 f4 54. Kc7 f3 55. Kb8 f2 56. Ka7 f1Q 57. Kb8 Kf6 58. Kc7 Bh3 59. Kd6 g5 60. Kc7 g4 61. Kd6 Qd3+ 62. Kc5 Ke5 63. Kb4 Qc2 64. Ka3 Qb1 65. Ka4 Kd5 66. Ka3 Kc4 67. Ka4 Qb4# 0-1

[Event "Budapest Vezerkepzo GM-B 04"]
[Site "Budapest"]
[Date "2023.05.02"]
[Round "7"]
[White "Ajay, Karthikeyan"]
[Black "Arhan, Chethan Anand"]
[Result "1/2-1/2"]
[WhiteElo "2454"]
[BlackElo "2285"]
[PlyCount "27"]
[EventDate "2023.04.25"]
[EventType "tourn"]
[EventRounds "9"]
[EventCountry "HUN"]
[EventCategory "7"]
[SourceTitle "CBM 214 Extra"]
[Source "ChessBase"]
[SourceDate "2023.07.31"]
[SourceVersion "1"]
[SourceVersionDate "2023.07.31"]
[SourceQuality "1"]

1. g3 d5 2. Bg2 e5 3. d3 Nf6 4. a3 Bd6 5. c4 dxc4 6. Qa4+ c6 7. Qxc4 Be6 8. Qc2 Qd7 9. Bg5 Nd5 10. Nc3 f6 11. Bd2 Be7 12. Ne4 Na6 13. b4 0-0 14. Nf3 1/2-1/2

[Event "Budapest Vezerkepzo GM-B 04"]
[Site "Budapest"]
[Date "2023.04.28"]
[Round "4"]
[White "Neverov, Valeriy"]
[Black "Ajay, Karthikeyan"]
[Result "1-0"]
[WhiteElo "2413"]
[BlackElo "2454"]
[PlyCount "37"]
[EventDate "2023.04.25"]
[EventType "tourn"]
[EventRounds "9"]
[EventCountry "HUN"]
[EventCategory "7"]
[SourceTitle "CBM 214 Extra"]
[Source "ChessBase"]
[SourceDate "2023.07.31"]
[SourceVersion "1"]
[SourceVersionDate "2023.07.31"]
[SourceQuality "1"]

1. d4 Nf6 2. c4 g6 3. Nc3 Bg7 4. e4 d6 5. f3 0-0 6. Nge2 a6 7. Ng3 h5 8. Be2 h4 9. Nf1 c6 10. Bg5 h3 11. g4 b5 12. Ng3 Nbd7 13. Qd2 c5 14. Bh6 Bxh6 15. Qxh6 e6 16. 0-0-0 Qa5 17. e5 Nh7 18. Nh5 gxh5 19. gxh5 1-0

[Event "Budapest Vezerkepzo GM 04"]
[Site "Budapest"]
[Date "2023.04.20"]
[Round "8"]
[White "Ajay, Karthikeyan"]
[Black "Neverov, Valeriy"]
[Result "1/2-1/2"]
[WhiteElo "2454"]
[BlackElo "2413"]
[PlyCount "105"]
[EventDate "2023.04.13"]
[EventType "tourn"]
[EventRounds "9"]
[EventCountry "HUN"]
[EventCategory "6"]
[SourceTitle "CBM 213 Extra"]
[Source "ChessBase"]
[SourceDate "2023.05.31"]
[SourceVersion "1"]
[SourceVersionDate "2023.05.31"]
[SourceQuality "1"]

1. e4 e5 2. Nf3 Nc6 3. Bb5 Bc5 4. c3 Nf6 5. 0-0 0-0 6. d4 Bb6 7. dxe5 Nxe4 8. Qd5 Nc5 9. Na3 Ne7 10. Qd1 d5 11. exd6 cxd6 12. Nc4 Bc7 13. Ne3 d5 14. Re1 Be6 15. g3 Ne4 16. Bf1 Bb6 17. Nd4 Bxd4 18. Qxd4 Nc6 19. Qd1 Qb6 20. Bg2 Rad8 21. Qc2 Rfe8 22. b3 Nf6 23. Bb2 d4 24. cxd4 Nxd4 25. Bxd4 Rxd4 26. Rad1 Rxd1 27. Rxd1 h6 28. h3 Rc8 29. Qd2 Qc7 30. Qd4 b6 31. g4 Qc5 32. Qxc5 Rxc5 33. Rd8+ Kh7 34. f4 g6 35. Kf2 Ra5 36. Rd2 Kg7 37. Bf3 Kf8 38. Kg3 Ke7 39. f5 gxf5 40. gxf5 Bd7 41. Kf4 Rc5 42. Re2 Kf8 43. b4 Rc8 44. Ke5 Ke7 45. a3 Bb5 46. Re1 Nd7+ 47. Kf4 Kf8 48. Rd1 Nf6 49. Ke5 Ke7 50. Nd5+ Nxd5 51. Bxd5 f6+ 52. Kd4 Bd7 53. Re1+ 1/2-1/2